Индивидуальные методы профилактики стоматологических заболеваний (Запись № 10961712)
[ простой вид ]
| 000 -МАРКЕР | |
|---|---|
| контрольное поле | 02288nam0a2200301 i 4500 |
| 001 - ИДЕНТИФИКАТОР ЗАПИСИ | |
| контрольное поле | RU\NLR\BIBL_A\011298264 |
| 005 - ИДЕНТИФИКАТОР ВЕРСИИ | |
| контрольное поле | 20240921194248.0 |
| 010 ## - МЕЖДУНАРОДНЫЙ СТАНДАРТНЫЙ НОМЕР КНИГИ (ISBN) | |
| Номер (ISBN) | 9785889993759 |
| Тираж | 100 |
| 021 ## - НОМЕР ГОСУДАРСТВЕННОЙ РЕГИСТРАЦИИ | |
| Код страны | российская федерация |
| Номер | 2016-93660 |
| Номер Листа государственной регистраци | 6200 |
| 035 ## - ДРУГИЕ СИСТЕМНЫЕ НОМЕРА | |
| Идентификатор записи | (NLR Aleph) 011298264 |
| 100 ## - ДАННЫЕ ОБЩЕЙ ОБРАБОТКИ | |
| Данные общей обработки | 20161222d2016 k y0rusy50 ca |
| 101 0# - ЯЗЫК РЕСУРСА | |
| Язык текста, звукозаписи и т.д. | русский |
| 102 ## - СТРАНА ПУБЛИКАЦИИ ИЛИ ПРОИЗВОДСТВА | |
| Страна публикации | российская федерация |
| 105 ## - ПОЛЕ КОДИРОВАННЫХ ДАННЫХ: ТЕКСТОВЫЕ МАТЕРИАЛЫ, МОНОГРАФИЧЕСКИЕ | |
| Кодированные данные о монографическом текстовом документе | y j 000zy |
| 200 1# - ЗАГЛАВИЕ И СВЕДЕНИЯ ОБ ОТВЕТСТВЕННОСТИ | |
| Основное заглавие | Индивидуальные методы профилактики стоматологических заболеваний |
| Сведения, относящиеся к заглавию | учебно-методическое пособие для студентов 3 курса стоматологического факультета по специальности 060201 - Стоматология по модулю "Профилактика и коммунальная стоматология" |
| Первые сведения об ответственности | М-во здравоохранения Рос. Федерации, Гос. бюджет. образоват. учреждение высш. проф. образования "Первый С.-Петерб. гос. мед. ун-т им. акад. И.П. Павлова", Каф. стоматологии профилакт. |
| Последующие сведения об ответственности | [засл. врач РФ, засл. стоматолог СтАР, д.м.н., проф. С.Б. Улитовский и др.] |
| -- | под ред. засл. врача РФ, засл. стоматолога СтАР, проф. С.Б. Улитовского |
| 210 ## - ПУБЛИКАЦИЯ, РАСПРОСТРАНЕНИЕ И ДР. | |
| Место издания, распространения и т.д. | Санкт-Петербург |
| Имя издателя, распространителя и т. д. | РИЦ ПСПбГМУ |
| Дата издания, распространения и т.д. | 2016 |
| 215 ## - ФИЗИЧЕСКАЯ ХАРАКТЕРИСТИКА | |
| Специфическое обозначение материала и объем | 38 с. |
| Размеры | 21 |
| 320 ## - ПРИМЕЧАНИЯ О НАЛИЧИИ В ДОКУМЕНТЕ БИБЛИОГРАФИИ / УКАЗАТЕЛЯ | |
| Текст примечания | Библиогр.: с. 33-38 |
| 606 1# - НАИМЕНОВАНИЕ ТЕМЫ КАК ПРЕДМЕТ | |
| Наименование темы | Стоматологические болезни |
| Формальный подзаголовок | Учебно-методические пособия для высших учебных заведений |
| Тематический подзаголовок | Профилактика |
| Системный номер авторитетной/нормативной записи | 1754103 |
| Идентификатор авторитетной/нормативной записи | RU\NLR\AUTH\661081551 |
| 686 1# - ИНДЕКСЫ ДРУГИХ КЛАССИФИКАЦИЙ | |
| Индекс | Р661-8я73 |
| 702 #1 - ИМЯ ЛИЦА - ВТОРИЧНАЯ ОТВЕТСТВЕННОСТЬ | |
| Начальный элемент ввода | Улитовский |
| Часть имени, кроме начального элемента ввода | С. Б. |
| Расширение инициалов личного имени | Сергей Борисович |
| Код отношения | Составитель |
| -- | Редактор |
| 712 02 - НАИМЕНОВАНИЕ ОРГАНИЗАЦИИ - ВТОРИЧНАЯ ОТВЕТСТВЕННОСТЬ | |
| Код отношения | Прочие |
| Начальный элемент ввода | Санкт-Петербургский государственный медицинский университет им. И. П. Павлова |
| Структурное подразделение | Кафедра стоматологии профилактической |
| Системный номер авторитетной/нормативной записи | 542413 |
| Идентификатор авторитетной/нормативной записи | RU\NLR\AUTH\880439107 |
| 942 ## - ДОПОЛНИТЕЛЬНЫЕ ЭЛЕМЕНТЫ ЗАПИСИ (АБИС) | |
| Тип экземпляра АБИС | Книга |
| 980 ## - КОЛЛЕКЦИЯ | |
| Название коллекции | НБР |
Нет доступных экземпляров.